José Antonio, la posibilidad política truncada / (Record no. 113312)

MARC details
000 -LEADER
campo de control de longitud fija 00768nam a2200241 4500
001 - NÚMERO DE CONTROL
campo de control 113312
003 - IDENTIFICADOR DE NÚMERO DE CONTROL
campo de control ES-MaACL
005 - FECHA Y HORA DE LA ÚLTIMA TRANSACCIÓN
campo de control 20231226211012.0
007 - CAMPO FIJO DE DESCRIPCIÓN FÍSICA--INFORMACIÓN GENERAL
campo de control de longitud fija t|
008 - DATOS DE LONGITUD FIJA--INFORMACIÓN GENERAL
campo de control de longitud fija 061121s1973 sp r ||||1| spa d
020 ## - NÚMERO INTERNACIONAL ESTÁNDAR DEL LIBRO
Número Internacional Estándar del Libro 84-358-0052-0
080 ## - NÚMERO DE LA CLASIFICACIÓN DECIMAL UNIVERSAL
Número de la Clasificación Decimal Universal 32 Primo de Rivera, José Antonio
080 ## - NÚMERO DE LA CLASIFICACIÓN DECIMAL UNIVERSAL
Número de la Clasificación Decimal Universal 329.183
100 1# - ENTRADA PRINCIPAL--NOMBRE DE PERSONA
Nombre de persona Nin de Cardona, José María.
9 (RLIN) 85749
245 10 - MENCIÓN DEL TÍTULO
Título José Antonio, la posibilidad política truncada /
Mención de responsabilidad, etc. José María Nin de Cardona.
250 ## - MENCION DE EDICION
Mención de edición 1ª ed.
260 ## - PUBLICACIÓN, DISTRIBUCIÓN, ETC.
Lugar de publicación, distribución, etc. Madrid :
Nombre del editor, distribuidor, etc. Organización Sala,
Fecha de publicación, distribución, etc. 1973.
300 ## - DESCRIPCIÓN FÍSICA
Extensión XX, 251 p. ;
Dimensiones 17 cm.
600 14 - PUNTO DE ACCESO ADICIONAL DE MATERIA--NOMBRE DE PERSONA
Nombre de persona Primo de Rivera, José Antonio,
Fechas asociadas al nombre 1903-1936
9 (RLIN) 142533
610 24 - PUNTO DE ACCESO ADICIONAL DE MATERIA--NOMBRE DE ENTIDAD CORPORATIVA
Nombre de entidad corporativa o nombre de jurisdicción como elemento de entrada Falange Española de las J.O.N.S. (1934-1937)
9 (RLIN) 171689
852 ## - LOCALIZACIÓN
Ubicación ES-MaACL
Número de control de estantería C-55010
Holdings
Estatus retirado Estado de pérdida Estado de daño No para préstamo Biblioteca de origen Biblioteca actual Ubicación en estantería Fecha de adquisición Fuente de adquisición Total de préstamos Signatura topográfica completa Código de barras Visto por última vez Precio de reemplazo Tipo de ítem Koha
        Biblioteca del Ateneo de Madrid Biblioteca del Ateneo de Madrid Depósito 2 17/01/2008     C-55010 1118187 23/02/2023 23/02/2023 Libro impreso